000 00340nam a2200157Ia 4500
003 Ost
005 20260225132555.0
008 260225s9999||||xx |||||||||||||| ||und||
040 _cfsic
041 _afre
082 _a440
100 _aRaymond Depardon
_eAuteur
245 0 _aDepardon /
245 0 _cRaymond Depardon
942 _cكتاب
999 _c34426
_d34426